| 000 | 00630nam a2200229 a 4500 | ||
|---|---|---|---|
| 005 | 20210219153401.0 | ||
| 008 | 991125n 000 0 u | ||
| 035 | _aUPN01000095587 | ||
| 100 | _aBoice, Robert | ||
| 222 | _aNEW DIRECTIONS FOR TEACHING AND LEARNING | ||
| 245 | _aQuick starters : new faculty who succeed | ||
| 300 | _a111-122 | ||
| 362 | _aNo. 48, 1991 | ||
| 505 | _aMayo 1992 | ||
| 653 | 0 | _aDESARROLLO DEL MAESTRO | |
| 653 | 0 | _aEFICACIA DEL MAESTRO | |
| 653 | 0 | _aFACULTAD COLEGIAL | |
| 653 | 0 | _aINGRESO DE TRABAJADORES | |
| 653 | 0 | _aINSTRUCCION COLEGIAL | |
| 904 |
_aAC _b033398 |
||
| 905 | _aArticulo | ||
| 999 |
_c75562 _d75562 |
||